00563nam a2200157Ia 4500001001000000003000500010008004100015010001100056040000900067100002200076245014500098260006500243300001000308440004300318650004400361Para_4716CHAP220125s1934 xx 000 0 und d a203190 cCHAP aGilbertson, G. I. aThe plum tree borer (Synanthedon pictipes G. & R.) :b its distribution, life history, economic importance and control /c G. I. Gilbertson aBrookings, South Dakota :b Agricultural Experiment Station a22 p. aSouth Dakota. Agr. Exp. Sta. Bull; 288 aSynanthedon pictipes Ciruela x Plagas